000 01416ncm a2200433 a 4500
100 _aБах, Йохан Себастиан
_9248172
999 _c296517
_d296517
003 BLK
005 20240816005404.0
008 180414b bul |a|er|||| |0| c|bulo|
010 _aNOT00000062000
040 _aBLK
041 _aDEU
_cDEU
080 _aКамерен оркестър
_b785.16
_z785.16
139 _aБах, Йохан Себастиан
_bБ 30
245 1 0 _aSesch Brandenburgische Konzerte
_c* Johann Sebastian Bach; Йохан Себастиан Бах; hrsg. von Kurt Soldan.
254 _aПартитура
257 _aDEU
260 _bPeters 577
_cS. a.
_aLeipzig
300 _a167 с.
_c19 см
380 _a7
505 _tKonzert Nr. 1 F Dur
505 _tKonzert Nr. 2 F Dur
505 _tKonzert Nr. 3 G Dur
505 _tKonzert Nr. 4 G Dur
505 _tKonzert Nr. 5 D Dur
505 _tKonzert Nr. 6 B Dur
650 4 _aКамерна музика
_9296115
653 _aкамерна музика
700 _aBach, Johann Sebastian
_9387466
700 1 _aSoldan, Kurt
_ehrsg. von
_9388626
852 _aЦб М 1225
_p6
856 4 _qpdf
_u
856 4 _qpdf
_u
942 _cNOT
_n0
_s1
944 _aCR
_c22.08.2003
_k
_lCRON CRON
944 _aED
_c17.05.2017
_kИрена_Линкова
944 _aED
_c2020-04-01
_kРенета Константинова
999 _d296517